000
00308nam a22001457a 4500
008
230414b ||||| |||| 00| 0 eng d
020
_a
9780670036165
041
_a
eng
080
_a
159.9
082
_a
159.9DAV
100
_a
25
101
_a
PSI
245
_a
OPEN YOUR EYES
_c
DAVIS J
942
_2
udc
_c
BK
999
_c
59542
_d
59542